000 00944nam a2200277 i 4500
001 175682
003 ES-MaACL
005 20250830063316.0
007 t|
008 101116s1965 sp ||||1| spa d
080 _a27-53
080 _a2-584
100 1 _aMolinari, Paolo.
_981975
245 1 4 _aLos santos y su culto /
_cPaolo Molinari ; prefacio del Cardenal Arcadio Larraona ; [traducción por José Antonio Garay].
260 _aMadrid :
_bRazón y Fe,
_cimp. 1965.
300 _a240 p. ;
_c23 cm.
490 1 _aBiblioteca "Razón y Fe" de Teología ;
_v5
500 _aÍndice.
594 _aTít. original: I santi e il loro culto.
650 0 7 _aSantos-
_xCulto
_2
_9143966
700 1 _aLarraona, Arcadio María,
_cCardenal
_970318
700 0 _aGaray, José Antonio.
_953942
830 0 0 _aBiblioteca "Razón y Fe" de teología
_v5
_9189823
852 _aES-MaACL
_jE-13546
_xOlim P-859
999 _c175682
_d175682